Państwa Graniczące z Iranem - Statystyki

Ogólne statystyki
  • Ten quiz został rozwiązany 11 razy
  • Średni wynik to 5 z 7
Statystyki odpowiedzi
Państwo % Poprawnych
Irak
100%
Afganistan
89%
Azerbejdżan
78%
Turcja
78%
Pakistan
67%
Armenia
56%
Turkmenistan
56%
Nie znaleziono quizów pasujących do podanych kryteriów
Rozkład punktacji
Procent ludzi z każdym wynikiem
Percentyl według liczby udzielonych odpowiedzi
Twoja historia wyników
Nie rozwiązałeś tego quizu